| 000 | 02823nam a22002417a 4500 | ||
|---|---|---|---|
| 005 | 20230421115939.0 | ||
| 008 | 230420b ||||| |||| 00| 0 eng d | ||
| 020 | _a9788131611890 | ||
| 040 | _cAL | ||
| 041 | _aEnglish | ||
| 082 |
_223 _a363.720 _bSRIS |
||
| 100 |
_aSumit Saurabh Srivastava _991535 |
||
| 245 | _aSulabh Sanitation in India : Issues Challenges and Prospects | ||
| 260 |
_aJaipur _bRawat Publications _c2022 |
||
| 300 |
_axx,505 p. _bHB _c25x16 cm. |
||
| 365 |
_c₹ _d₹1495.00 |
||
| 520 | _aA truly interdisciplinary book, covering sanitation issues across all involved disciplines, it examines the sanitation in the context of a multiplicity of socio-cultural values and law and policy framework in India. The term ‘sanitation’, used in this book refers specifically to the safe excreta disposal and thus is uncoupled from water supply or disposal of household trash/ garbage. India, home to a billion, faces a huge challenge in the field of sanitation. The reasons are not far to look for; rampant and indiscriminate open defecation and lack of adequate toilet facilities are responsible for such dismissal scenario. The book underlines sanitation and its myriad intersections with caste, class and gender in Indian socio-cultural context and presents a critical description of the State interventions in the field of sanitation, particularly through sanitation policies and Swachh Bharat Mission (SBM). It engages with the Sulabh, a non-profit voluntary social organisation founded in 1970 by Dr Bindeshwar Pathak and its role played in the provision of appropriate sanitation facilities primarily through its ‘two-pit toilet’ technology. Uniquely specific to the Indian socio-cultural milieu is the dehumanising and degrading practice of manual scavenging intricately tied to the sanitation. The book provides a critical overview of various initiatives taken by both the State and Sulabh International with respect to abolishing manual scavenging. The book not only makes stimulating and wide-ranging reading to the emerging discipline of Sociology of Sanitation in India but is also useful for those engaged in Development Studies, Policy Studies and Social Work.s | ||
| 521 | _aCONTENTS 1 Introduction 2 Understanding Sanitation 3 Global Water, Sanitation and Hygiene Initiatives 4 Participatory Sanitation Approaches 5 Toilet: Genesis, History and Typology 6 Manual Scavenging in India 7 Sanitation in India: Issues, Policies and Programmes 8 Swachh Bharat Mission (SBM) 2014 9 Sulabh Sanitation and Social Reform 10 Mahatma Gandhi and Dr Bindeshwar Pathak: Common Goals and Divergent Means | ||
| 650 |
_aSanitation _991200 |
||
| 650 |
_aSwachh Bharat Mission _991201 |
||
| 700 |
_aSRIVASTAVA (Sumit Saurabh) _991202 |
||
| 942 |
_2ddc _cDB |
||
| 999 |
_c227234 _d227234 |
||